[Event "Mistrzostwa Polski Niewidomych"]
[Site "Wagrowiec, ul. Jeziorna 16 OR"]
[Date "2018.??.??"]
[Round "5.3"]
[White "Suder, Ryszard"]
[Black "Traczyk, Tadeusz"]
[Result "1-0"]
[WhiteElo "2063"]
[BlackElo "1817"]
[PlyCount "81"]
[EventDate "2018.??.??"]

1. Nf3 Nf6 2. g3 g6 3. b3 Bg7 4. Bb2 O-O 5. Bg2 c5 6. c4 d5 7. cxd5 Nxd5 8.
Bxg7 Kxg7 9. O-O e6 10. d4 Qf6 11. e4 Nb6 12. e5 Qe7 13. dxc5 Qxc5 14. Nbd2 Qe7
15. Ne4 Nc6 16. Qd2 Rd8 17. Qb2 Nd5 18. Rfd1 b6 19. Rac1 Bb7 20. Nd6 Kg8 21.
Nxb7 Qxb7 22. Nd4 Nxd4 23. Rxd4 Qe7 24. Rcd1 Qb7 25. Qd2 Rac8 26. Bxd5 Rxd5 27.
Rxd5 Qxd5 28. Qxd5 exd5 29. Rxd5 Rc1+ 30. Kg2 Rc2 31. Rd8+ Kg7 32. Rd7 Re2 33.
Rxa7 Rxe5 34. a4 Re4 35. Rc7 Rb4 36. Rc3 g5 37. Kf3 Kg6 38. Ke3 h5 39. Kd3 f6
40. Kc2 g4 41. Rc6 1-0

[Event "Mistrzostwa Polski Niewidomych"]
[Site "Wagrowiec, ul. Jeziorna 16 OR"]
[Date "2018.??.??"]
[Round "5.4"]
[White "Pociejowski, Marek"]
[Black "Migala, Andrzej"]
[Result "1/2-1/2"]
[WhiteElo "1853"]
[BlackElo "2030"]
[PlyCount "45"]
[EventDate "2018.??.??"]

1. d4 d5 2. c4 c6 3. Nf3 Nf6 4. Nc3 a6 5. a4 e6 6. Bg5 a5 7. e3 Be7 8. Bd3 Na6
9. O-O Nb4 10. Ne5 b6 11. cxd5 exd5 12. Re1 O-O 13. Rc1 c5 14. h3 Bb7 15. Bb1
Rc8 16. Bf5 Ra8 17. Nb5 g6 18. Bb1 Kg7 19. Qf3 Ne4 20. Bf4 Rc8 21. Na7 Ra8 22.
Nb5 Rc8 23. Na7 1/2-1/2

[Event "Mistrzostwa Polski Niewidomych"]
[Site "Wagrowiec, ul. Jeziorna 16 OR"]
[Date "2018.??.??"]
[Round "5.5"]
[White "Sargalski, Andrzej"]
[Black "Wolanski, Michal"]
[Result "1/2-1/2"]
[WhiteElo "1811"]
[BlackElo "1952"]
[PlyCount "34"]
[EventDate "2018.??.??"]

1. e4 e5 2. Nf3 Nc6 3. d4 exd4 4. Nxd4 g6 5. c4 Bg7 6. Be3 d6 7. Nc3 Nxd4 8.
Bxd4 Nf6 9. Be2 O-O 10. O-O a5 11. f3 Bd7 12. Nd5 Nxd5 13. cxd5 Rc8 14. Bxg7
Kxg7 15. Qd4+ f6 16. Rfc1 c5 17. Qd2 b5 1/2-1/2

[Event "Mistrzostwa Polski Niewidomych"]
[Site "Wagrowiec, ul. Jeziorna 16 OR"]
[Date "2018.??.??"]
[Round "5.6"]
[White "Bojczewski, Mateusz"]
[Black "Staruch, Roman"]
[Result "1-0"]
[WhiteElo "1662"]
[BlackElo "1880"]
[PlyCount "73"]
[EventDate "2018.??.??"]

1. e4 d5 2. exd5 Nf6 3. Bb5+ Bd7 4. Bc4 Bg4 5. f3 Bc8 6. Nc3 Nbd7 7. Nge2 Nb6
8. Bb3 Nfxd5 9. d4 g6 10. Nxd5 Nxd5 11. c4 Nb6 12. Bf4 Bg7 13. O-O O-O 14. Qd2
e5 15. Bg5 Bf6 16. Bxf6 Qxf6 17. f4 exd4 18. Qxd4 Qxd4+ 19. Nxd4 c5 20. Nb5 Bd7
21. Nd6 Bc6 22. Rfe1 Rad8 23. Ne4 Rd4 24. Nxc5 Rd2 25. Ne4 Rxb2 26. Rad1 Kg7
27. Rd2 Rxd2 28. Nxd2 Rd8 29. Re2 Rd4 30. g3 a5 31. Kf2 a4 32. Ke3 Rd8 33. Bc2
Nd7 34. Kd4 f5 35. Kc3 Kf6 36. Kb4 Ra8 37. Nb1 1-0

[Event "Mistrzostwa Polski Niewidomych"]
[Site "Wagrowiec, ul. Jeziorna 16 OR"]
[Date "2018.??.??"]
[Round "5.7"]
[White "Jagiello, Jerzy"]
[Black "Wojcieszyn, Zdzislaw"]
[Result "0-1"]
[WhiteElo "1579"]
[BlackElo "1887"]
[PlyCount "37"]
[EventDate "2018.??.??"]

1. e4 c5 2. Nf3 Nc6 3. d4 cxd4 4. Nxd4 Nf6 5. Nc3 e6 6. Be3 Bb4 7. Nxc6 bxc6 8.
Bd2 d5 9. e5 Nd7 10. Qg4 Bf8 11. f4 Qb6 12. b3 Ba6 13. Na4 Qd4 14. c3 Qe4+ 15.
Kd1 Nxe5 16. Qg3 Bxf1 17. Rxf1 Qd3 18. Qxd3 Nxd3 19. b4 0-1

[Event "Mistrzostwa Polski Niewidomych"]
[Site "Wagrowiec, ul. Jeziorna 16 OR"]
[Date "2018.??.??"]
[Round "5.8"]
[White "Barnowski, Sylwester"]
[Black "Pawelec, Bartosz"]
[Result "1/2-1/2"]
[WhiteElo "1787"]
[BlackElo "1995"]
[PlyCount "29"]
[EventDate "2018.??.??"]

1. d4 d5 2. f4 Nf6 3. e3 Bg4 4. Nf3 h5 5. Bd3 h4 6. c3 h3 7. g3 Nbd7 8. Nbd2 e6
9. Qa4 a6 10. Ne5 b5 11. Qc2 c5 12. Ndf3 Bxf3 13. Nxf3 c4 14. Bf1 Ne4 15. b3
1/2-1/2

[Event "Mistrzostwa Polski Niewidomych"]
[Site "Wagrowiec, ul. Jeziorna 16 OR"]
[Date "2018.??.??"]
[Round "5.9"]
[White "Kardasz, Wladyslaw"]
[Black "Kulpinski, Piotr"]
[Result "0-1"]
[WhiteElo "1742"]
[BlackElo "1852"]
[PlyCount "38"]
[EventDate "2018.??.??"]

1. e4 c5 2. Nf3 Nc6 3. d4 cxd4 4. Nxd4 Nf6 5. Nc3 g6 6. Be2 Bg7 7. Be3 O-O 8.
g4 d5 9. Nxc6 bxc6 10. exd5 Nxd5 11. Nxd5 cxd5 12. c3 Rb8 13. Qd2 Qa5 14. O-O
d4 15. Bxd4 Bxd4 16. Qxd4 Rxb2 17. Bc4 e5 18. Qe4 Bb7 19. Qe3 Rc8 0-1

[Event "Mistrzostwa Polski Niewidomych"]
[Site "Wagrowiec, ul. Jeziorna 16 OR"]
[Date "2018.??.??"]
[Round "5.10"]
[White "Stankiewicz, Edward"]
[Black "Huzarski, Stanislaw"]
[Result "1-0"]
[WhiteElo "1840"]
[BlackElo "1758"]
[PlyCount "46"]
[EventDate "2018.??.??"]

1. d4 Nf6 2. c4 e6 3. Nf3 Bb4+ 4. Bd2 Be7 5. e3 O-O 6. Bd3 d5 7. O-O Nbd7 8.
Qe2 c5 9. a4 b6 10. a5 Re8 11. Bc3 Bf8 12. Nbd2 Bb7 13. e4 dxe4 14. Nxe4 Nxe4
15. Bxe4 Bxe4 16. Qxe4 Nf6 17. Qd3 h6 18. Rfd1 Nd7 19. Ne5 Nxe5 20. dxe5 Qxd3
21. Rxd3 Red8 22. Rxd8 Rxd8 23. axb6 axb6 1-0

[Event "Mistrzostwa Polski Niewidomych"]
[Site "Wagrowiec, ul. Jeziorna 16 OR"]
[Date "2018.??.??"]
[Round "5.11"]
[White "Niecko, Stanislaw"]
[Black "Debowska, Teresa"]
[Result "0-1"]
[WhiteElo "1770"]
[BlackElo "1802"]
[PlyCount "36"]
[EventDate "2018.??.??"]

1. d4 Nf6 2. c4 g6 3. Nc3 Bg7 4. g3 O-O 5. Bg2 d6 6. Nf3 Nc6 7. O-O e5 8. d5
Ne7 9. e4 Ne8 10. b4 f5 11. Nd2 f4 12. c5 g5 13. h3 Nf6 14. g4 Qe8 15. f3 h5
16. Kf2 Ng6 17. Rh1 Nh4 18. Nb5 Qxb5 0-1

[Event "Mistrzostwa Polski Niewidomych"]
[Site "Wagrowiec, ul. Jeziorna 16 OR"]
[Date "2018.??.??"]
[Round "5.12"]
[White "Przewoznik, Emil"]
[Black "Szydlowski, Wiktor"]
[Result "1-0"]
[WhiteElo "1812"]
[BlackElo "1724"]
[PlyCount "81"]
[EventDate "2018.??.??"]

1. d4 d5 2. c4 e6 3. Nc3 Nf6 4. Bg5 Be7 5. e3 c5 6. cxd5 cxd4 7. Qxd4 exd5 8.
Bb5+ Nc6 9. Nge2 O-O 10. Qa4 Bd7 11. Rd1 a6 12. Bd3 Ne5 13. Qd4 Nxd3+ 14. Qxd3
Bc6 15. O-O Qb6 16. Rd2 Rfe8 17. Qf5 Rad8 18. Rfd1 g6 19. Qh3 Ne4 20. Bxe7 Rxe7
21. Nxe4 Rxe4 22. Nd4 Qc7 23. Nf3 Qe7 24. Qh6 f6 25. Nd4 Bd7 26. Re1 f5 27. Nf3
Bc6 28. Ng5 Rg4 29. h4 Rd7 30. g3 f4 31. Rd4 Rc7 32. Kg2 Qf6 33. Nf3 Rf7 34.
exf4 Re7 35. Rxe7 Qxe7 36. Ne5 Qf6 37. f3 Qf5 38. Rd2 d4 39. Rxd4 Qc2+ 40. Kh3
Rxg3+ 41. Kxg3 1-0

[Event "Mistrzostwa Polski Niewidomych"]
[Site "Wagrowiec, ul. Jeziorna 16 OR"]
[Date "2018.??.??"]
[Round "5.13"]
[White "Hornik, Bronislaw"]
[Black "Gryglewicz, Tadeusz"]
[Result "1-0"]
[WhiteElo "1797"]
[BlackElo "1601"]
[PlyCount "44"]
[EventDate "2018.??.??"]

1. e4 g6 2. Nf3 Bg7 3. d4 d6 4. Bc4 e6 5. O-O a6 6. c3 Bd7 7. Re1 Ne7 8. Bg5
O-O 9. Qd2 Qe8 10. Na3 b5 11. Bb3 c6 12. Rad1 Kh8 13. d5 Ng8 14. dxc6 Bc8 15.
c7 Nc6 16. Qxd6 h6 17. Be3 Bb7 18. Bc5 Rc8 19. Nc2 Nge7 20. Ncd4 Rg8 21. g4 Bf8
22. Qg3 Bg7 1-0

[Event "Mistrzostwa Polski Niewidomych"]
[Site "Wagrowiec, ul. Jeziorna 16 OR"]
[Date "2018.??.??"]
[Round "5.14"]
[White "Mettel, Werner"]
[Black "Oberc, Ryszard"]
[Result "1-0"]
[WhiteElo "1752"]
[BlackElo "1640"]
[PlyCount "68"]
[EventDate "2018.??.??"]

1. e4 e5 2. Nf3 Nc6 3. Bb5 d6 4. O-O Bd7 5. Re1 Nf6 6. d3 a6 7. Ba4 Be7 8. c3
O-O 9. Nbd2 b5 10. Bb3 Na5 11. Bc2 c5 12. h3 Nc6 13. Nf1 h6 14. Ne3 Be6 15. Bb3
Na5 16. Bc2 Nc6 17. b3 a5 18. Bb2 Nh7 19. d4 exd4 20. cxd4 Nxd4 21. Nxd4 cxd4
22. Bxd4 Bf6 23. Rc1 Bxd4 24. Qxd4 Qe7 25. Qd3 Nf6 26. Qxb5 Rfb8 27. Qd3 g6 28.
Bb1 Rb4 29. f3 Rd8 30. Nc2 Rb6 31. Nd4 Qd7 32. Qe3 Rb4 33. Nc6 Rb5 34. Nxd8
Qxd8 1-0

[Event "Mistrzostwa Polski Niewidomych"]
[Site "Wagrowiec, ul. Jeziorna 16 OR"]
[Date "2018.??.??"]
[Round "5.15"]
[White "Baryla, Lukasz"]
[Black "Malcer, Joanna"]
[Result "1-0"]
[WhiteElo "1726"]
[BlackElo "1567"]
[PlyCount "37"]
[EventDate "2018.??.??"]

1. e4 e6 2. d4 d6 3. c3 Nf6 4. Bd3 Be7 5. Ne2 O-O 6. Qc2 e5 7. O-O Nbd7 8. f4
b6 9. Nd2 Nh5 10. f5 Bg5 11. Nf3 Bxc1 12. Qxc1 Bb7 13. g4 Nf4 14. Nxf4 exf4 15.
Qxf4 f6 16. Rae1 a6 17. g5 fxg5 18. Nxg5 Qf6 19. Ne6 1-0

[Event "Mistrzostwa Polski Niewidomych"]
[Site "Wagrowiec, ul. Jeziorna 16 OR"]
[Date "2018.??.??"]
[Round "5.16"]
[White "Raczek, Stanislaw"]
[Black "Filipiak, Rajmund"]
[Result "1-0"]
[WhiteElo "1550"]
[BlackElo "1706"]
[PlyCount "33"]
[EventDate "2018.??.??"]

1. c4 f5 2. Nc3 Nf6 3. Nf3 e6 4. d4 d5 5. cxd5 exd5 6. Bg5 Be7 7. e3 O-O 8. Bd3
c6 9. O-O Ne4 10. Bxe7 Qxe7 11. Ne2 Be6 12. Nf4 Bf7 13. Ne5 g5 14. Nh5 Nd7 15.
Nxd7 Qxd7 16. Bxe4 fxe4 17. Nf6+ 1-0

[Event "Mistrzostwa Polski Niewidomych"]
[Site "Wagrowiec, ul. Jeziorna 16 OR"]
[Date "2018.??.??"]
[Round "5.18"]
[White "Zarow, Zdzislaw"]
[Black "Wegner, Wieslaw"]
[Result "1-0"]
[WhiteElo "1663"]
[BlackElo "1704"]
[PlyCount "45"]
[EventDate "2018.??.??"]

1. e4 e5 2. Bc4 Nf6 3. d4 Nc6 4. Bg5 Nxd4 5. c3 h6 6. Bxf6 Qxf6 7. cxd4 exd4 8.
Nf3 Bb4+ 9. Nbd2 Qf4 10. O-O Bxd2 11. Qxd2 Qxd2 12. Nxd2 O-O 13. Nb3 b6 14.
Nxd4 c6 15. Rad1 Rd8 16. Nf5 Kf8 17. Nd6 b5 18. Bxf7 Ke7 19. Bg6 Ba6 20. b4 Rf8
21. f4 Rf6 22. Nf5+ Ke6 23. Rd6# 1-0

[Event "Mistrzostwa Polski Niewidomych"]
[Site "Wagrowiec, ul. Jeziorna 16 OR"]
[Date "2018.??.??"]
[Round "5.19"]
[White "Baryla, Damian"]
[Black "Tobolski, Michal"]
[Result "1-0"]
[WhiteElo "1811"]
[BlackElo "1536"]
[PlyCount "65"]
[EventDate "2018.??.??"]

1. e4 e5 2. Nf3 Nf6 3. Nc3 Bb4 4. d3 O-O 5. Nxe5 Re8 6. Nf3 Nd5 7. Bd2 Nxc3 8.
Bxc3 Bxc3+ 9. bxc3 d5 10. Be2 dxe4 11. dxe4 Qxd1+ 12. Rxd1 Nc6 13. Nd4 Bd7 14.
f3 a6 15. O-O f5 16. Bc4+ Kh8 17. Nxf5 Bxf5 18. exf5 Re5 19. Bd3 h5 20. Kf2 Kg8
21. Rfe1 Rc5 22. Rb1 Na5 23. c4 Nxc4 24. Rxb7 a5 25. h4 Kf7 26. g4 hxg4 27.
fxg4 Ne5 28. Kg3 Rc3 29. Rb3 Rxb3 30. axb3 c5 31. Kf4 c4 32. Rxe5 cxd3 33. cxd3
1-0

[Event "Mistrzostwa Polski Niewidomych"]
[Site "Wagrowiec, ul. Jeziorna 16 OR"]
[Date "2018.??.??"]
[Round "5.20"]
[White "Hagner, Pawel"]
[Black "Spychala, Jozefa"]
[Result "1-0"]
[WhiteElo "1698"]
[BlackElo "1493"]
[PlyCount "70"]
[EventDate "2018.??.??"]

1. d4 d5 2. Nf3 Nf6 3. Bg5 e6 4. e3 Be7 5. Nbd2 Nbd7 6. c3 h6 7. Bh4 c6 8. Bd3
O-O 9. Ne5 Nxe5 10. dxe5 Nd7 11. Bg3 Bh4 12. Nf3 Bxg3 13. hxg3 Qc7 14. Rh5 f5
15. exf6 Nxf6 16. Rh4 e5 17. Bc2 Bg4 18. Qd2 e4 $11 19. Nd4 Qe5 20. Ne2 Bf5 21.
O-O-O Bh7 22. Rdh1 Qg5 23. Nf4 Rae8 24. Qe2 Bf5 25. Nh3 Qg6 26. Nf4 Qf7 27. g4
Bh7 28. Nh3 Re5 29. Bb3 Kh8 30. Ng1 Qd7 31. f4 exf3 32. Nxf3 Re7 33. g5 hxg5
34. Nxg5 g6 35. Qf3 Ref7 1-0

[Event "Mistrzostwa Polski Niewidomych"]
[Site "Wagrowiec, ul. Jeziorna 16 OR"]
[Date "2018.??.??"]
[Round "5.21"]
[White "Wyrzykowski, Jozef"]
[Black "Tyszkiewicz, Adam"]
[Result "1-0"]
[WhiteElo "1635"]
[BlackElo "1520"]
[PlyCount "37"]
[EventDate "2018.??.??"]

1. c4 g6 2. Nc3 Bg7 3. g3 Nf6 4. Bg2 d6 5. Nf3 a6 6. b3 O-O 7. Bb2 c6 8. Rb1
Bg4 9. O-O Qd7 10. Re1 Bh3 11. d4 Bxg2 12. Kxg2 Re8 13. e4 b5 14. e5 dxe5 15.
dxe5 Qxd1 16. Rbxd1 Ng4 17. h3 Nh6 18. Re4 e6 19. Ne2 {(43)} 1-0

[Event "Mistrzostwa Polski Niewidomych"]
[Site "Wagrowiec, ul. Jeziorna 16 OR"]
[Date "2018.??.??"]
[Round "5.23"]
[White "Binkowski, Kazimierz"]
[Black "Bialas, Stanislaw"]
[Result "1-0"]
[WhiteElo "1600"]
[BlackElo "1477"]
[PlyCount "41"]
[EventDate "2018.??.??"]

1. c4 e5 2. Nc3 c6 3. Nf3 d6 4. e4 Bg4 5. Be2 Bxf3 6. Bxf3 Be7 7. O-O Nf6 8. d3
h6 9. b3 O-O 10. Bb2 Nbd7 11. Ne2 Nh7 12. d4 exd4 13. Bxd4 c5 14. Bb2 Bf6 15.
Qc2 Bxb2 16. Qxb2 Ne5 17. Ng3 Nxf3+ 18. gxf3 Qf6 19. Qxf6 Nxf6 20. Rad1 Rad8
21. Nf5 1-0

[Event "Mistrzostwa Polski Niewidomych"]
[Site "Wagrowiec, ul. Jeziorna 16 OR"]
[Date "2018.??.??"]
[Round "5.25"]
[White "Kizym, Lukasz"]
[Black "Loroch, Zygfryd"]
[Result "1-0"]
[WhiteElo "1722"]
[BlackElo "1427"]
[PlyCount "41"]
[EventDate "2018.??.??"]

1. e4 e5 2. Nf3 Nc6 3. Bb5 d6 4. O-O Bd7 5. d4 exd4 6. Nxd4 Nxd4 7. Bxd7+ Qxd7
8. Qxd4 Ne7 9. Nc3 Nc6 10. Qd3 Be7 11. Nd5 O-O 12. Nxe7+ Qxe7 13. b3 Qf6 14.
Rb1 Ne5 15. Qb5 b6 16. Bb2 Qe6 17. f4 Nd7 18. f5 Qe7 19. f6 Nxf6 20. Qg5 Kh8
21. Rxf6 1-0

[Event "Mistrzostwa Polski Niewidomych"]
[Site "Wagrowiec, ul. Jeziorna 16 OR"]
[Date "2018.??.??"]
[Round "5.29"]
[White "Czarnecki, Zbigniew"]
[Black "Inglot, Marian"]
[Result "1/2-1/2"]
[WhiteElo "1337"]
[BlackElo "1451"]
[PlyCount "51"]
[EventDate "2018.??.??"]

1. d4 d5 2. Nf3 Nc6 3. Bg5 Qd6 4. e3 Qb4+ 5. Nbd2 Qxb2 6. Bd3 Nb4 7. O-O Nxd3
8. cxd3 h6 9. Bh4 g5 10. Bg3 g4 11. Ne5 h5 12. Qa4+ c6 13. Nxc6 Bd7 14. Qb4
Qxb4 15. Nxb4 e6 16. a3 Bxb4 17. axb4 a6 18. Rfc1 Bb5 19. Rc7 Bxd3 20. Rxb7 Nf6
21. Be5 Rh6 22. f3 Rc8 23. Bxf6 Rxf6 24. fxg4 hxg4 25. Nb3 Rc3 26. Nc5 1/2-1/2

[Event "Mistrzostwa Polski Niewidomych"]
[Site "Wagrowiec, ul. Jeziorna 16 OR"]
[Date "2018.??.??"]
[Round "6.2"]
[White "Dukaczewski, Piotr"]
[Black "Suder, Ryszard"]
[Result "1/2-1/2"]
[WhiteElo "2221"]
[BlackElo "2063"]
[PlyCount "61"]
[EventDate "2018.??.??"]

1. e4 d6 2. d4 Nf6 3. Nc3 e5 4. Nf3 Nbd7 5. Bc4 Be7 6. O-O Nb6 7. Bb3 exd4 8.
Qxd4 O-O 9. a4 a5 10. Re1 Nfd7 11. Bf4 Nc5 12. Nd5 Nxd5 13. Qxd5 Be6 14. Qh5
Bxb3 15. cxb3 Ne6 16. Bd2 Bf6 17. Bc3 Bxc3 18. bxc3 Qf6 19. Re3 b6 20. Rae1
Rad8 21. Nd2 Qe5 22. Qe2 Qc5 23. Rb1 Qc6 24. c4 Qc5 25. Rd1 f5 26. exf5 Nf4 27.
Qg4 Rxf5 28. Nf3 Rdf8 29. h4 h6 30. Nd4 R5f7 31. f3 {(41)} 1/2-1/2

[Event "Mistrzostwa Polski Niewidomych"]
[Site "Wagrowiec, ul. Jeziorna 16 OR"]
[Date "2018.??.??"]
[Round "6.3"]
[White "Wolanski, Michal"]
[Black "Bojczewski, Mateusz"]
[Result "0-1"]
[WhiteElo "1952"]
[BlackElo "1662"]
[PlyCount "50"]
[EventDate "2018.??.??"]

1. c4 c6 2. Nc3 d5 3. e3 Nf6 4. Nf3 Bg4 5. b3 Nbd7 6. Be2 e6 7. Bb2 Bd6 8. h3
Bh5 9. O-O Qc7 10. cxd5 exd5 11. Rc1 a6 12. Nd4 Bg6 13. d3 O-O 14. Bf3 Nc5 15.
Be2 Rfe8 16. b4 Ne6 17. Nxe6 fxe6 18. b5 Qb6 19. Na4 Qxb5 20. Bc3 c5 21. Rb1
Qc6 22. Rb6 Qd7 23. Qb3 Rab8 24. Rb1 c4 25. dxc4 Bxb1 0-1

[Event "Mistrzostwa Polski Niewidomych"]
[Site "Wagrowiec, ul. Jeziorna 16 OR"]
[Date "2018.??.??"]
[Round "6.4"]
[White "Migala, Andrzej"]
[Black "Sargalski, Andrzej"]
[Result "1-0"]
[WhiteElo "2030"]
[BlackElo "1811"]
[PlyCount "41"]
[EventDate "2018.??.??"]

1. e4 e5 2. Nf3 Nc6 3. d4 exd4 4. Nxd4 Bc5 5. Be3 Qf6 6. Nb5 Bxe3 7. fxe3 Qh4+
8. g3 Qxe4 9. Nxc7+ Kf8 10. Nxa8 Qxh1 11. Nc3 Qxh2 12. Qd6+ Nge7 13. O-O-O Qh6
14. Qd2 g6 15. Nc7 Qg5 16. Ne4 Qe5 17. Nd6 Kg7 18. e4 Qxg3 19. Nce8+ Kg8 20.
Nf6+ Kg7 21. Nde8+ 1-0

[Event "Mistrzostwa Polski Niewidomych"]
[Site "Wagrowiec, ul. Jeziorna 16 OR"]
[Date "2018.??.??"]
[Round "6.5"]
[White "Kulpinski, Piotr"]
[Black "Wojcieszyn, Zdzislaw"]
[Result "1-0"]
[WhiteElo "1852"]
[BlackElo "1887"]
[PlyCount "23"]
[EventDate "2018.??.??"]

1. d4 d5 2. c4 e6 3. Nf3 Nf6 4. Nc3 Bb4 5. Qa4+ Nc6 6. Bg5 Be7 7. e3 O-O 8. Bd3
dxc4 9. Qxc4 Nd5 10. Bxe7 Ncxe7 11. Rc1 f5 12. O-O {(37)} 1-0

[Event "Mistrzostwa Polski Niewidomych"]
[Site "Wagrowiec, ul. Jeziorna 16 OR"]
[Date "2018.??.??"]
[Round "6.6"]
[White "Debowska, Teresa"]
[Black "Pociejowski, Marek"]
[Result "0-1"]
[WhiteElo "1802"]
[BlackElo "1853"]
[PlyCount "146"]
[EventDate "2018.??.??"]

1. e4 Nf6 2. d3 d5 3. Nd2 e5 4. g3 Nc6 5. c3 Be7 6. Bg2 O-O 7. Qe2 Re8 8. Ngf3
h6 9. O-O Bf8 10. Rd1 Bg4 11. h3 Be6 12. Nf1 Qd7 13. Kh2 Rad8 14. Be3 Qc8 15.
Qc2 Rd7 16. N1d2 Red8 17. a3 a6 18. b4 g5 19. d4 dxe4 20. Nxe4 Nd5 21. Nc5 Nxe3
22. fxe3 Bxc5 23. bxc5 f5 24. Nxe5 Nxe5 25. dxe5 Kg7 26. Rd4 b6 27. c6 Rf7 28.
Rxd8 Qxd8 29. Rd1 Qe7 30. Bd5 Bxd5 31. Rxd5 Qxa3 32. e6 Re7 33. Rd7 Kf6 34. Qd2
Qc5 35. Rd5 Qxc6 36. Qd4+ Kxe6 37. Re5+ Kf7 38. Rxf5+ Kg6 39. Rf8 Qe6 40. Qd3+
Qe4 41. Qf1 Qe5 42. Qd3+ Kg7 43. Qd8 Qe6 44. Rf2 Rf7 45. Qd4+ Rf6 46. Rxf6 Qxf6
47. Qd7+ Qf7 48. Qd4+ Kf8 49. Qh8+ Ke7 50. Qxh6 Qf2+ 51. Kh1 Qxg3 52. Qh7+ Ke6
53. Qg6+ Ke5 54. Qe8+ Kd6 55. Qd8+ Kc6 56. Qa8+ Kb5 57. Qd5+ c5 58. Qb3+ Kc6
59. Qe6+ Kb7 60. Qe4+ Kc7 61. Qe7+ Kc6 62. Qe8+ Kd5 63. Qa8+ Kc4 64. Qxa6+ Kxc3
65. Qxb6 Qxh3+ 66. Kg1 Qxe3+ 67. Kh2 Qf2+ 68. Kh1 Qh4+ 69. Kg1 Qg3+ 70. Kh1
Qf3+ 71. Kg1 Qe3+ 72. Kh1 Qc1+ 73. Kh2 Qb2+ 0-1

[Event "Mistrzostwa Polski Niewidomych"]
[Site "Wagrowiec, ul. Jeziorna 16 OR"]
[Date "2018.??.??"]
[Round "6.7"]
[White "Chojnowski, Marcin"]
[Black "Barnowski, Sylwester"]
[Result "1-0"]
[WhiteElo "2094"]
[BlackElo "1787"]
[PlyCount "45"]
[EventDate "2018.??.??"]

1. e4 Nf6 2. e5 Nd5 3. d4 d6 4. c4 Nb6 5. exd6 cxd6 6. Nc3 Nc6 7. d5 Ne5 8. f4
Ned7 9. Be3 Nf6 10. Nf3 Bg4 11. Be2 g6 12. Rc1 Bg7 13. b3 O-O 14. O-O Nbd7 15.
h3 Bxf3 16. Bxf3 b6 17. Nb5 a6 18. Nd4 Rc8 19. Nc6 Qe8 20. Re1 Nb8 21. Bxb6
Nxc6 22. dxc6 Rxc6 23. Bxc6 1-0

[Event "Mistrzostwa Polski Niewidomych"]
[Site "Wagrowiec, ul. Jeziorna 16 OR"]
[Date "2018.??.??"]
[Round "6.8"]
[White "Pawelec, Bartosz"]
[Black "Mettel, Werner"]
[Result "1-0"]
[WhiteElo "1995"]
[BlackElo "1752"]
[PlyCount "65"]
[EventDate "2018.??.??"]

1. e4 e5 2. Nf3 Nc6 3. c3 Nf6 4. d4 exd4 5. e5 Nd5 6. cxd4 Bb4+ 7. Bd2 Bxd2+ 8.
Nbxd2 O-O 9. Qb3 Nb6 10. Bd3 d6 11. Be4 dxe5 12. dxe5 Nd4 13. Qc3 Nxf3+ 14.
Nxf3 c6 15. Rd1 Qe7 16. O-O Be6 17. Nd4 Rad8 18. Bb1 g6 19. f4 c5 20. Nf3 Rxd1
21. Rxd1 Nd5 22. Qd2 f5 23. Ng5 Nc7 24. Qd6 Re8 25. a3 b6 26. Qc6 h6 27. Nxe6
Nxe6 28. Rd7 Qh4 29. g3 Qg4 30. Ba2 Qe2 31. Bxe6+ Kh8 32. Rh7+ Kxh7 33. Qd7+
1-0

[Event "Mistrzostwa Polski Niewidomych"]
[Site "Wagrowiec, ul. Jeziorna 16 OR"]
[Date "2018.??.??"]
[Round "6.9"]
[White "Staruch, Roman"]
[Black "Zelajtys, Jozef"]
[Result "1-0"]
[WhiteElo "1880"]
[BlackElo "1665"]
[PlyCount "41"]
[EventDate "2018.??.??"]

1. e4 e6 2. d4 d5 3. e5 c5 4. c3 Nc6 5. Nf3 Qb6 6. Bd3 Bd7 7. dxc5 Bxc5 8. O-O
a5 9. Nbd2 Nh6 10. b3 Be7 11. c4 Ng4 12. Bb2 Rc8 13. h3 Nh6 14. cxd5 exd5 15.
Qe2 Nb4 16. Rfe1 Nxd3 17. Qxd3 Bb5 18. Qd4 Qxd4 19. Nxd4 Bd7 20. N2f3 Be6 21.
Rec1 1-0

[Event "Mistrzostwa Polski Niewidomych"]
[Site "Wagrowiec, ul. Jeziorna 16 OR"]
[Date "2018.??.??"]
[Round "6.10"]
[White "Zarow, Zdzislaw"]
[Black "Stankiewicz, Edward"]
[Result "1-0"]
[WhiteElo "1663"]
[BlackElo "1840"]
[PlyCount "64"]
[EventDate "2018.??.??"]

1. e4 d6 2. d4 Nf6 3. Nc3 g6 4. Nf3 Bg7 5. Bc4 O-O 6. Bg5 Nbd7 7. Qd2 c6 8. e5
Ne8 9. e6 fxe6 10. Bxe6+ Kh8 11. O-O Nb6 12. Rfe1 Nf6 13. Bh6 Bxe6 14. Rxe6 Qd7
15. Rae1 Rae8 16. Bxg7+ Kxg7 17. Qe2 Nc8 18. Ng5 h6 19. Nf3 Rf7 20. Nh4 Kh7 21.
h3 Rg8 22. g4 Qd8 23. Ng2 Qf8 24. b4 Nd7 25. Ne4 d5 26. Ng3 Rgg7 27. c3 Rf6 28.
f4 Qf7 29. Kh2 Rxe6 30. Qxe6 Qxe6 31. Rxe6 Nf8 32. Re1 a6 1-0

[Event "Mistrzostwa Polski Niewidomych"]
[Site "Wagrowiec, ul. Jeziorna 16 OR"]
[Date "2018.??.??"]
[Round "6.11"]
[White "Traczyk, Tadeusz"]
[Black "Jagiello, Jerzy"]
[Result "1-0"]
[WhiteElo "1817"]
[BlackElo "1579"]
[PlyCount "51"]
[EventDate "2018.??.??"]

1. e4 c5 2. Nf3 Nc6 3. d4 cxd4 4. Nxd4 g6 5. Nc3 Bg7 6. Be3 a6 7. h3 Nf6 8. Qd2
O-O 9. O-O-O d6 10. g4 Qc7 11. g5 Nd7 12. Be2 Nce5 13. Nd5 Qd8 14. f4 Nc6 15.
f5 Nxd4 16. Bxd4 Bxd4 17. Qxd4 e5 18. Qd2 f6 19. gxf6 Nxf6 20. Nxf6+ Rxf6 21.
Rhg1 Qe8 22. h4 Kh8 23. Qg5 Qf7 24. Bc4 Qg7 25. fxg6 Rxg6 26. Qd8+ 1-0

[Event "Mistrzostwa Polski Niewidomych"]
[Site "Wagrowiec, ul. Jeziorna 16 OR"]
[Date "2018.??.??"]
[Round "6.12"]
[White "Huzarski, Stanislaw"]
[Black "Przewoznik, Emil"]
[Result "0-1"]
[WhiteElo "1758"]
[BlackElo "1812"]
[PlyCount "99"]
[EventDate "2018.??.??"]

1. e4 c5 2. Nf3 Nc6 3. d4 cxd4 4. Nxd4 Nf6 5. Nc3 e5 6. Nb3 Bb4 7. Bd3 d5 8.
O-O dxe4 9. Bb5 Bf5 10. Be3 O-O 11. h3 Bxc3 12. bxc3 Nd5 13. Qd2 Nxe3 14. Qxe3
Qe7 15. Rfd1 Rfd8 16. Nc5 Rxd1+ 17. Rxd1 Rd8 18. Re1 Bg6 19. Bxc6 bxc6 20. Nxe4
Qa3 21. Qc5 Qxc5 22. Nxc5 f6 23. Re2 Rd5 24. Nb3 Kf7 25. f3 f5 26. Kf2 Kf6 27.
c4 Rd1 28. Rd2 Rxd2+ 29. Nxd2 Ke6 30. c3 Kd6 31. Ke3 Kc5 32. h4 h6 33. a3 f4+
34. Ke2 Bc2 35. h5 Bf5 36. a4 a5 37. Nb3+ Kb6 38. c5+ Ka6 39. Kd2 Be6 40. Nc1
Bf7 41. Nd3 Bxh5 42. Nxe5 Be8 43. Kd3 g5 44. Ng4 Bg6+ 45. Kd4 h5 46. Nf2 Bc2
47. Ne4 g4 48. Ng5 Bxa4 49. Ke5 Bd1 50. fxg4 0-1

[Event "Mistrzostwa Polski Niewidomych"]
[Site "Wagrowiec, ul. Jeziorna 16 OR"]
[Date "2018.??.??"]
[Round "6.13"]
[White "Raczek, Stanislaw"]
[Black "Hornik, Bronislaw"]
[Result "0-1"]
[WhiteElo "1550"]
[BlackElo "1797"]
[PlyCount "41"]
[EventDate "2018.??.??"]

1. c4 g6 2. Nc3 Bg7 3. Nf3 d6 4. d4 Nd7 5. e4 c5 6. Be2 Qb6 7. d5 Ngf6 8. Qc2
Ng4 9. h3 Nge5 10. Nxe5 Nxe5 11. b3 f5 12. f3 O-O 13. O-O f4 14. Rb1 g5 15. Nd1
Qd8 16. Bb2 Qe8 17. Nf2 h5 18. Nd3 Qg6 19. Nf2 g4 20. fxg4 hxg4 21. Qd1 0-1